000 00620nam a2200277Ia 4500
005 20260324123249.0
008 008 260324s9999 xx 000 0 eng d
020 _a9781003049692
037 _aEBOOK
040 _aCRL
040 _beng
040 _cCRL
041 _2eng
041 _aeng
084 _qCRL
100 _aGerald Rochelle
_91169651
245 0 _aDoing Philosophy
260 _bTaylor and Francis
260 _c2012
365 _a
365 _b170
856 _uhttp://www.taylorfrancis.com/books/9781003049692
942 _cEBOOK
999 _c1763026
_d1763026